| 000 | 00464nam a22001457a 4500 | ||
|---|---|---|---|
| 005 | 20150828120218.0 | ||
| 008 | 150828b xxu||||| |||| 00| 0 eng d | ||
| 040 | _cPK-LaUMT | ||
| 082 |
_aKHC 306.95415 _bKHA-P |
||
| 100 | _aخالد پرویز ملک ایڈووکیٹ | ||
| 245 |
_aپنجاب اور اہل پنجاب _cخالد پرویز ملک ایڈووکیٹ |
||
| 260 |
_aلہور _bعلم و عرفان پبلشرز _c2002 |
||
| 300 | _a367 ص | ||
| 942 | _cBK | ||
| 999 |
_c75214 _d75214 |
||